Statistiken für Krautrock-Bands

Klicken Sie hier um das Quiz zu spielen!

Allgemein

  • Dieses Quiz wurde 28 mal gespielt
  • Das Durchschnittsergebnis liegt bei 9 aus 12

Antwortstatistiken

Alben (mit Jahr der Veröffentlichung)
Band% Korrekt
Soundtracks (1970), Tago Mago (1971), Ege Bamyasi (1972)
Can
91%
Neu! (1972), Neu! 2 (1973), Neu! '75 (1975)
Neu!
87%
Phallus Dei (1969), Yeti (1970), Tanz der Lemminge (1971)
Amon Düül II
83%
Hoodoo Man (1972), Plastic People (1975), Count on Dracula (1980)
Birth Control
74%
Floating (1974), Power and the Passion (1976), Ocean (1977)
Eloy
70%
Känguru (1972), Don't Call Us, We Call You (1973), Der Elektrolurch (1974)
Guru Guru
70%
La Düsseldorf (1976), Viva (1978), Individuellos (1980)
La Düsseldorf
70%
In den Gärten Pharaos (1972), Einsjäger & Siebenjäger (1975), Brüder des Schattens, Söhne des Lichts - Nosferatu (1978)
Popol Vuh
70%
Zeit (1972), Stratosfear (1976), Force Majeure (1979)
Tangerine Dream
70%
Zuckerzeit (1974), After The Heat (1978), Großes Wasser (1979)
Cluster
65%
Schwingungen (1972), Starring Rosi (1973), Inventions for Electric Guitar (1975)
Ash Ra Tempel
61%
All Will Be Changed (1971), 2 (1971), By The Way (1972)
Frumpy
61%

Verteilung der Resultate

Perzentil nach korrekt beantworteten Fragen

Anzahl Personen mit jedem Resultat

Ihre Resultats-Entwicklung

Sie haben dieses Quiz noch nicht gespielt